Redes en las pymes : soluciones informáticas para la pequeña y mediana empresa /
Guardado en:
| Autor Principal: | |
|---|---|
| Otros Autores: | |
| Formato: | Libro |
| Publicado: |
Buenos Aires :
Prentice Hall
|
| Materias: | |
| Etiquetas: |
Agregar Etiqueta
Sin Etiquetas, Sea el primero en etiquetar este registro!
|
| LEADER | 00829nam a22002415a 4500 | ||
|---|---|---|---|
| 001 | CEM.cems011047 | ||
| 005 | 20071217175704.0 | ||
| 008 | 130507b######################000#0#####d | ||
| 003 | CEMS | ||
| 020 | |a 9879460103 | ||
| 082 | 0 | 4 | |a 658.1 |
| 100 | 1 | |a Acosta Olmedo, Gabriela | |
| 245 | 1 | 0 | |a Redes en las pymes : |b soluciones informáticas para la pequeña y mediana empresa / |c Gabriela Acosta Olmedo, Patricia V. Baldassi |
| 260 | |a Buenos Aires : |b Prentice Hall | ||
| 300 | |a 192 p. | ||
| 505 | 0 | |a Hardware y software necesario para la instalación de una red -- Redes con Windows 2000 server | |
| 653 | |a Pymes | ||
| 653 | |a Administración de empresas | ||
| 653 | |a Empresas-redes | ||
| 653 | |a Intranets | ||
| 653 | |a Redes lan | ||
| 700 | 1 | |a Baldassi, Patricia V. | |
| 859 | |a CEMS |b BIB. CEMS - 11 de abril |h 658.1 |i Ac72 |p 21844.02 |t Ej.1 | ||
